000 00783cam a2200241 4500
001 6051
010 _a9724816273
090 _a6051
100 _a20211231d1992 c||y0pory5003 ba
200 1 _aO pêssego azulado
_fcontado por Bruno de La Salle
_gtrad. Maria Manuel Ortigão de Oliveira
_gil. Natalie Louis-Lucas
210 9 _aPorto
_cLello & Irmão,
_d1992
215 _a27, [2] p.
_cil.
_d25 cm
225 2 _aContos de sempre
606 _914
_aLiteratura infantil
606 _913
_aLiteratura Estrangeira
675 _a82-93
_vBN
_zpor
675 _a821.1/.8
_vBN
_zpor
700 _aLa Salle
_bBruno de
_95741
702 _aOliveira
_bMaria Manuel Ortigão de
_95154
702 _aLouis-Lucas
_bNatalie
_f1958-
_95753
801 0 _aPT
_bBMVN
_gRPC
830 _cAna Caetano
_d31/12/2021
990 _cLIVROS